Matrícula proyectada de la educación superior en Costa Rica. 1982-1990 /
Պահպանված է:
| Համատեղ հեղինակ: | |
|---|---|
| Ձևաչափ: | Տեքստ |
| Հրապարակվել է: |
San José, C.R.:
OPES
|
| Խորագրեր: | |
| Ցուցիչներ: |
Ավելացրեք ցուցիչ
Չկան պիտակներ, Եղեք առաջինը, ով նշում է այս գրառումը!
|
MARC
| LEADER | 00000 a a2200000 04500 | ||
|---|---|---|---|
| 001 | 46191 | ||
| 003 | |||
| 040 | |||
| 020 | |a 1409-2964 | ||
| 090 | |a REV0801 (07)1982 | ||
| 110 | |a Consejo Nacional de Rectores | ||
| 245 | |a Matrícula proyectada de la educación superior en Costa Rica. 1982-1990 / |c Consejo Nacional de Rectores | ||
| 260 | |a San José, C.R.: |b OPES | ||
| 650 | |a UNIVERSIDADES | ||
| 650 | |a EDUCACION SUPERIOR | ||
| 650 | |a INGRESO | ||
| 650 | |a COSTA RICA | ||
| 773 | |g número7 (1982), 157 páginas | ||
| 999 | |c 38336 |d 38336 | ||
